Prokaryotic gene expression (Record no. 45747)

MARC details
000 -LEADER
fixed length control field 00659nam a2200229Ia 4500
008 - FIXED-LENGTH DATA ELEMENTS--GENERAL INFORMATION
fixed length control field 191130s1999##################000#0#eng##
020 ## - INTERNATIONAL STANDARD BOOK NUMBER
International Standard Book Number 199636044
022 ## - INTERNATIONAL STANDARD SERIAL NUMBER
International Standard Serial Number 98052907
040 ## - CATALOGING SOURCE
Original cataloging agency ACL
Transcribing agency ACL
082 ## - DEWEY DECIMAL CLASSIFICATION NUMBER
Classification number 579.3135 BAU
245 ## - TITLE STATEMENT
Title Prokaryotic gene expression
Statement of responsibility, etc. edited by Simon Baumberg
260 ## - PUBLICATION, DISTRIBUTION, ETC.
Place of publication, distribution, etc. Oxford
Name of publisher, distributor, etc. Oxford University Press
Date of publication, distribution, etc. 1999
300 ## - PHYSICAL DESCRIPTION
Extent xx, 325 p. : ill. ; 26 cm
500 ## - GENERAL NOTE
General note Includes bibliographical references and index
650 ## - SUBJECT ADDED ENTRY--TOPICAL TERM
Topical term or geographic name entry element Gene expression
Topical term or geographic name entry element Microbial genetics
Topical term or geographic name entry element Prokaryotes
700 ## - ADDED ENTRY--PERSONAL NAME
Personal name Baumberg, S
990 ## - EQUIVALENCES OR CROSS-REFERENCES [LOCAL, CANADA]
Link information for 9XX fields ce45fde6ac10000c3d8db32d466ee32c
991 ## -
-- 235752
Holdings
Withdrawn status Lost status Materials specified (bound volume or other part) Damaged status Not for loan Home library Current library Shelving location Date acquired Total Checkouts Full call number Barcode Date last seen Price effective from Koha item type
    pbk     Anna Centenary Library Anna Centenary Library 5TH FLOOR, A WING 09.10.2020   579.3135 BAU 142389 09.10.2020 09.10.2020 English Books

Find us on the map